Komparácia reforiem dôchodkového systému vo vybraných krajinách
Klasifikácia reforiem dôchodkových systémov: parametrická reforma, reformy s diverzifikovaním rizík, model úplnej reformy. Komparácia spoločných prvkov analyzovaných reforiem vo Švédsku, Nemecku a Taliansku.
Enregistré dans:
| Auteur principal: | |
|---|---|
| Autres auteurs: | |
| Format: | Chapitre de livre |
| Langue: | slovaque |
| Sujets: | |
| Tags: |
Pas de tags, Soyez le premier à ajouter un tag!
|
MARC
| LEADER | 00000naa$a2200000$$$4500 | ||
|---|---|---|---|
| 001 | 0249890 | ||
| 005 | 20240712115553.6 | ||
| 041 | 0 | |a slo | |
| 044 | |a SK | ||
| 245 | 1 | 0 | |a Komparácia reforiem dôchodkového systému vo vybraných krajinách |c Karol Trnovský, Ján Toma |
| 520 | |a Klasifikácia reforiem dôchodkových systémov: parametrická reforma, reformy s diverzifikovaním rizík, model úplnej reformy. Komparácia spoločných prvkov analyzovaných reforiem vo Švédsku, Nemecku a Taliansku. | ||
| 610 | 2 | 0 | |a Európska únia |
| 610 | 2 | 0 | |a zabezpečenie dôchodkové |
| 610 | 2 | 0 | |a systémy dôchodkové |
| 610 | 2 | 0 | |a reformy dôchodkové |
| 610 | 2 | 0 | |a dôchodky |
| 610 | 2 | 0 | |a migrácia |
| 610 | 2 | 0 | |a Švédsko |
| 610 | 2 | 0 | |a Nemecko |
| 610 | 2 | 0 | |a Taliansko |
| 610 | 2 | 0 | |a analýza komparatívna |
| 100 | 1 | |a Trnovský, Karol, 1983- | |
| 700 | 1 | |a Toma, Ján | |